Development of tribal people of North-East India : (Record no. 8372)

MARC details
000 -LEADER
fixed length control field 01063 a2200217 4500
003 - CONTROL NUMBER IDENTIFIER
control field GBCCL
005 - DATE AND TIME OF LATEST TRANSACTION
control field 20241126110649.0
008 - FIXED-LENGTH DATA ELEMENTS--GENERAL INFORMATION
fixed length control field 200214b ||||| |||| 00| 0 eng d
020 ## - INTERNATIONAL STANDARD BOOK NUMBER
International Standard Book Number 9789351250081
020 ## - INTERNATIONAL STANDARD BOOK NUMBER
International Standard Book Number 9351250083
040 ## - CATALOGING SOURCE
Transcribing agency GBC
082 ## - DEWEY DECIMAL CLASSIFICATION NUMBER
Classification number 305.80095
-- 305.800954163
Item number DEV
245 ## - TITLE STATEMENT
Title Development of tribal people of North-East India :
Remainder of title issues and challenges/
Statement of responsibility, etc. edited by Ram Krishna Mandal.
260 ## - PUBLICATION, DISTRIBUTION, ETC.
Place of publication, distribution, etc. New Delhi :
Name of publisher, distributor, etc. Concept Publishing Company,
Date of publication, distribution, etc. 2015.
300 ## - PHYSICAL DESCRIPTION
Extent lii, 571 pages ; 22 cm
505 ## - FORMATTED CONTENTS NOTE
Formatted contents note Contributed articles presented at the national seminar themed Development of Tribal People in Arunachal Pradesh, organized by the Department of Economics, Dera Natung College, Itanagar, held during November 21-22, 2009.
650 ## - SUBJECT ADDED ENTRY--TOPICAL TERM
Topical term or geographic name entry element Tribes -- India -- Arunāchal Pradesh -- Economic conditions -- Congresses.
9 (RLIN) 14628
650 ## - SUBJECT ADDED ENTRY--TOPICAL TERM
Topical term or geographic name entry element Tribes -- India -- Arunāchal Pradesh -- Social conditions -- Congresses.
9 (RLIN) 14629
650 ## - SUBJECT ADDED ENTRY--TOPICAL TERM
Topical term or geographic name entry element Tribes -- Government policy -- India -- Arunāchal Pradesh -- Congresses.
9 (RLIN) 14630
942 ## - ADDED ENTRY ELEMENTS (KOHA)
Source of classification or shelving scheme Dewey Decimal Classification
Koha item type Books
Koha issues (borrowed), all copies 4
Holdings
Withdrawn status Lost status Source of classification or shelving scheme Damaged status Not for loan Home library Current Library Shelving location Date acquired Source of acquisition Cost, normal purchase price Total checkouts Full call number Barcode Date last seen Date last checked out Copy number Cost, replacement price Price effective from Koha item type
    Dewey Decimal Classification     GRACE BIBLE COLLEGE GRACE BIBLE COLLEGE North East Collection 2020-02-24 10 1425.00 4 305.80095 DEV 013835 2025-05-01 2025-02-19 c.1 1900.00 2020-02-24 Books
    Dewey Decimal Classification     GRACE BIBLE COLLEGE GRACE BIBLE COLLEGE North East Collection 2023-04-03     1 305.80095 DEV 016168 2025-05-01 2024-02-02 c.2   2023-04-03 Books
© Grace Bible College Library 2025